Introducción a la psicología / (Registro nro. 34695)
[ vista simple ]
| 000 -CABECERA | |
|---|---|
| campo de control de longitud fija | 00940cam a2200253 a 4500 |
| 001 - NÚMERO DE CONTROL | |
| campo de control | 000035204 |
| 005 - FECHA Y HORA DE LA ÚLTIMA TRANSACCIÓN | |
| campo de control | 20200930074156.0 |
| 008 - DATOS DE LONGITUD FIJA--INFORMACIÓN GENERAL | |
| campo de control de longitud fija | 760805s1955 sp b 000 0 spa |
| 040 ## - FUENTE DE LA CATALOGACIÓN | |
| Centro catalogador/agencia de origen | DO-SdBNP |
| Lengua de catalogación | spa |
| Centro/agencia transcriptor | BNPHU |
| 082 ## - NÚMERO DE LA CLASIFICACIÓN DECIMAL DEWEY | |
| Número de clasificación | 150 |
| Número de documento/Ítem | G322i, 1955 |
| 100 1# - ENTRADA PRINCIPAL--NOMBRE DE PERSONA | |
| Nombre de persona | Gemelli, A. |
| 9 (RLIN) | 60945 |
| 240 10 - TÍTULO UNIFORME | |
| Título uniforme | Introduzione alla Psicologia. |
| Lenguaje de la obra | Español. |
| 245 10 - MENCIÓN DE TÍTULO | |
| Título | Introducción a la psicología / |
| Mención de responsabilidad, etc. | A. Gemelli, O.F.M., G. Zunini ; traducción autorizada por los autores por Fernando Gutiérrez. |
| 250 ## - MENCIÓN DE EDICIÓN | |
| Mención de edición | 2a ed. |
| 260 ## - PUBLICACIÓN, DISTRIBUCIÓN, ETC. | |
| Lugar de publicación, distribución, etc. | Barcelona : |
| Nombre del editor, distribuidor, etc. | Luis Miracle, |
| Fecha de publicación, distribución, etc. | 1955. |
| 300 ## - DESCRIPCIÓN FÍSICA | |
| Extensión | 547 p. ; |
| Dimensiones | 20 cm. |
| 490 1# - MENCIÓN DE SERIE | |
| Mención de serie | Biblioteca de antropología |
| Designación de volumen o secuencia | 11 |
| 500 ## - NOTA GENERAL | |
| Nota general | Traducido del italiano |
| 590 ## - NOTA LOCAL (RLIN) | |
| Nota local | Perteneció a la biblioteca personal de Juan Isidro Jimenes Grullón. |
| 700 12 - PUNTO DE ACCESO ADICIONAL--NOMBRE DE PERSONA | |
| Nombre de persona | Zunini, G. |
| 9 (RLIN) | 60946 |
| 700 12 - PUNTO DE ACCESO ADICIONAL--NOMBRE DE PERSONA | |
| Nombre de persona | Gutierrez Astete, Fernando, |
| Término indicativo de función/relación | tr. |
| 9 (RLIN) | 60947 |
| 830 #0 - PUNTO DE ACCESO ADICIONAL DE SERIE-TÍTULO UNIFORME | |
| Título uniforme | Biblioteca de antropología |
| Número de parte o sección de la obra | 11 |
| 9 (RLIN) | 60948 |
| 910 ## - DATOS DE OPCIÓN DEL USUARIO (OCLC) | |
| Datos de opción del usuario | Validado. Control de calidad MFF |
| Estado de retiro | Estado de pérdida | Restricciones de uso | No para préstamo | Código de colección | Localización permanente | Ubicación/localización actual | Ubicación en estantería | Fecha de adquisición | Número de inventario | Total de préstamos | Signatura topográfica completa | Código de barras | Fecha visto por última vez | Precio válido a partir de | Tipo de ítem Koha | Nota pública |
|---|---|---|---|---|---|---|---|---|---|---|---|---|---|---|---|---|
| Préstamo interno | Raros y valiosos | General | General | Depósito | 26.10.2011 | LF1 | 150 G322i, 1955 | 35204-10 | 25.06.2020 | 25.06.2020 | Préstamo interno | Perteneció a la biblioteca personal de Juan Isidro Jimenes -Grullón |
